000 00446cam a2200157 4500
001 BIIH004151
008 1985 a spa
035 _aBIIH004151
050 4 _aHD2346
_bP35 1985
245 0 _aPanorama geoétnico de las artesanías en el Estado de Hidalgo /
_cGobierno del Estado de Hidalgo.
260 e _c1985
300 _a186 p. ;
_c30 cm.
500 _a1 ejemplar
650 4 _aArtesanos
_xHidalgo
942 _2lcc
_cLIB
999 _c65810
_d65810